| 000 | 01108nam a2200241 a 4500 | ||
|---|---|---|---|
| 001 | 000035222 | ||
| 005 | 20200930074203.0 | ||
| 008 | 111026s1966 ag 000 0 spa d | ||
| 040 |
_aDO-SdBNP _bspa _cBNPHU |
||
| 082 |
_a320.98 _bG463i |
||
| 100 | 1 |
_aGil, Federico Guillermo, _960973 |
|
| 245 | 1 | 0 |
_aInstituciones y desarrollo político de América Latina / _cFederico G. Gil ; con un estudio de Gustavo Lagos sobre "Factores externos e internos en la política latinoamericana". |
| 260 |
_aBuenos Aires : _bINTAL, _c1966. |
||
| 300 |
_a201 p. ; _c23 cm. |
||
| 500 | _aIncluye referencias bibliográficas y notas al pie de las páginas | ||
| 590 | _aPerteneció a la biblioteca personal de Juan Isidro Jimenes Grullón. | ||
| 590 | _aInventariado, 2018/LP | ||
| 651 | 4 |
_aAmérica Latina _xPolítica Y Gobierno _92618 |
|
| 651 | 4 |
_aAmérica Latina _xHistoria Constitucional _910467 |
|
| 700 | 1 | 2 |
_aLagos Matus, Gustavo. _tFactores externos e internos en la política latinoamericana _960974 |
| 710 | 1 | 2 |
_aInstituto para la integración de América Latina _932039 |
| 910 | _aValidado. Control de calidad MFF | ||
| 999 |
_c34713 _d34713 |
||